书目信息 |
| 题名: |
《道路勘测设计》毕业设计指导
|
|
| 作者: | 许金良 主编 | |
| 分册: | ||
| 出版信息: | 北京 人民交通出版社 2004.06 |
|
| 页数: | 253页 | |
| 开本: | 26cm | |
| 丛书名: | ||
| 单 册: | ||
| 中图分类: | U412 | |
| 科图分类: | ||
| 主题词: | 道路工程--勘测--高等学校--教学参考资料 , 道路工程--设计--高等学校--教学参考资料 | |
| 电子资源: | ||
| ISBN: | 7-114-05103-4 | |
| 000 | 00748nam0 2200241 45 | |
| 001 | 012004000000 | |
| 005 | 20050113144351.82 | |
| 010 | @a7-114-05103-4@dCNY 30.00 | |
| 100 | @a20041110d2004 em y0chiy0121 ea | |
| 101 | 0 | @achi |
| 102 | @aCN@b110000 | |
| 105 | @aak z 000yy | |
| 200 | 1 | @a《道路勘测设计》毕业设计指导@Adao lu kan ce she ji bi ye she ji zhi dao@f许金良主编 |
| 210 | @a北京@c人民交通出版社@d2004.06 | |
| 215 | @a253页@c图, 表格@d26cm | |
| 300 | @a高等学校试用教材 | |
| 320 | @a书末附参考文献 | |
| 606 | 0 | @a道路工程@x勘测@x高等学校@j教学参考资料 |
| 606 | 0 | @a道路工程@x设计@x高等学校@j教学参考资料 |
| 690 | @aU412@v4 | |
| 701 | 0 | @a许金良@Axu jin liang@4主编 |
| 801 | 0 | @aCN@bQSSKxf@c20050113 |
| 905 | @a10447@dU412@eX870 | |
| 《道路勘测设计》毕业设计指导/许金良主编.-北京:人民交通出版社,2004.06 |
| 253页:图, 表格;26cm |
| 高等学校试用教材 |
| ISBN 7-114-05103-4:CNY 30.00 |
| ● |
| 相关链接 |
|
|
|
正题名:《道路勘测设计》毕业设计指导
索取号:U412/X870
 
预约/预借
| 序号 | 登录号 | 条形码 | 馆藏地/架位号 | 状态 | 备注 |
| 1 | 433379 | 204333792 | 自科库501/ [索取号:U412/X870] | 在馆 | |
| 2 | 433380 | 204333809 | 期刊室512/501自科库 51排2列4层/ [索取号:U412/X870] | 在馆 | |
| 3 | 433381 | 204333818 | 自科库501/501自科库 51排2列4层/ [索取号:U412/X870] | 在馆 | |
| 4 | 437100 | 204371009 | 自科库501/501自科库 51排2列4层/ [索取号:U412/X870] | 在馆 | |
| 5 | 437101 | 204371018 | 自科库501/ [索取号:U412/X870] | 在馆 | |
| 6 | 437102 | 204371027 | 自科库501/501自科库 51排2列4层/ [索取号:U412/X870] | 在馆 |